Białystok - quiz wielokrotnego wyboru - Statystyki

Ogólne statystyki
  • Ten quiz został rozwiązany 913 razy
  • Średni wynik to 5 z 10
Statystyki odpowiedzi
Zagadnienie Odpowiedź % Poprawnych
Jaki klub piłkarski z Białegostoku zdobył tytuł Mistrza Polski w sezonie 2023/24? Jagiellonia
95%
Która mniejszość narodowa stanowi największy % ludności Białegostoku? Białorusini
81%
Która dzielnica Białegostoku znana jest z drewnianej zabudowy i domów powojennych? Bojary
57%
Która z poniższych osób urodziła się w Białymstoku? Ludwik Zamenhof
56%
Który z poniższych obiektów nie znajduje się w Białymstoku?
49%
W którym makroregionie fizycznogeograficznym znajduje się Białystok? Nizina Północnopodlaska
44%
Jak nazywa się znany park miejski w centrum Białegostoku? Planty
38%
Z jakim parkiem narodowym graniczy aglomeracja białostocka? Narwiańskim
35%
Który król panował, gdy Białystok najprawdopodobniej otrzymał prawa miejskie? Jan III Sobieski
32%
Jak nazywa się rzeka, do której uchodzi najważniejsza rzeka przepływająca przez Białystok? Supraśl
28%
Nie znaleziono quizów pasujących do podanych kryteriów
Rozkład punktacji
Procent ludzi z każdym wynikiem
Percentyl według liczby udzielonych odpowiedzi
Twoja historia wyników
Nie rozwiązałeś tego quizu